000 00497nam a2200181Ia 4500
003 GCL
008 140319s9999 xx 000 0 eng d
040 _aGCL /
_cGCL
082 0 4 _a709.0124
_bB B
100 1 _aBUCKTON, DAVID
245 1 0 _aBYZANTIUM: TREASURES OF BYZANTINE ART AND CULTURE /
_cBUCKTON, DAVID
260 _a[S.N] :
_bBRITISH MUSEUM PRESS ،
_c1994
300 _a240
650 0 4 _aART, BYZANTINE
650 0 4 _aBYZANTIUM EMPIRE - HISTORY
650 0 4 _aCULTURE
942 _2ddc
_cBK
999 _c24858
_d24858